000 00798cab a2200253 4500
001 WB3039-61
008 090401t1994 xxu||||| |||| 00| 0 eng d
035 _a(Sirsi) u71391
041 _aeng
245 _aFarmland valuation survey
260 _c1994
350 _a0
490 _aYorkshire Post
_v14 October 1994, 3(1)
520 _aSavill`s "Farmland valuation survey" indicates that the average value of farmland excluding farmhouses increased by 11.7% in the first half of 1994.
650 _aPROPERTY-RURAL AND NATURAL ASSETS-AGRICULTURAL PROPERTY-AGRICULTURAL LAND-ARABLE LAND
650 _aDAIRY LAND
650 _aFARMLAND VALUATION
650 _aFARMLAND
650 _aLAND VALUES
650 _aSAVILLS
690 _aRURAL PRACTICE
942 _n0
948 _c04/03/1997
999 _c44996
_d44996